[Event "Sicilia Regional-ch"]
[Site "Marsala"]
[Date "2011.06.04"]
[Round "4"]
[White "Ferrante, Filippo"]
[Black "Marino, Davide"]
[Result "0-1"]
[WhiteElo "1606"]
[BlackElo "1529"]
[PlyCount "88"]
[EventDate "2011.06.01"]
[EventType "swiss"]
[EventRounds "7"]
[EventCountry "ITA"]
[SourceTitle "EXT 2023"]
[Source "ChessBase"]
[SourceDate "2022.10.05"]
[SourceVersion "1"]
[SourceVersionDate "2022.10.05"]
[SourceQuality "1"]

1. Nf3 d5 2. g3 Nf6 3. Bg2 e6 4. 0-0 c6 5. d3 Bd6 6. Nbd2 0-0 7. e4 e5 8. c3 Nbd7 9. a4 dxe4 10. dxe4 Nc5 11. Qc2 Be6 12. b4 Ncd7 13. Bb2 Ng4 14. Rfd1 Qc7 15. Nf1 Rad8 16. Bh3 h6 17. Bg2 f5 18. h3 fxe4 19. Qxe4 Bf5 20. Qe2 Ngf6 21. Rd2 Ne4 22. Rdd1 g5 23. N3d2 Nxd2 24. Rxd2 Nf6 25. Rad1 e4 26. Ne3 Bg6 27. Ng4 Nxg4 28. Qxg4 Qe7 29. h4 e3 30. fxe3 Qxe3+ 31. Kh2 Bf5 32. Qf3 Qe6 33. hxg5 Bg4 34. Qe4 Qxe4 35. Bxe4 Bxd1 36. Rxd1 Bxg3+ 37. Kxg3 Rxd1 38. c4 hxg5 39. b5 cxb5 40. axb5 b6 41. Bd5+ Kh7 42. Kg4 Kh6 43. Ba3 Rf4+ 44. Kg3 Rd3+ 0-1

[Event "Nicolo La Rosa op 17th"]
[Site "Mazara del Vallo"]
[Date "2009.08.09"]
[Round "5"]
[White "Provino, Salvatore"]
[Black "Marino, Davide"]
[Result "0-1"]
[WhiteElo "1413"]
[BlackElo "1550"]
[PlyCount "92"]
[EventDate "2009.08.07"]
[EventType "swiss"]
[EventRounds "6"]
[EventCountry "ITA"]
[SourceTitle "EXT 2011"]
[Source "ChessBase"]
[SourceDate "2010.11.26"]
[SourceVersion "1"]
[SourceVersionDate "2010.11.26"]
[SourceQuality "1"]

1. Nf3 Nf6 2. g3 d5 3. Bg2 Nc6 4. 0-0 e5 5. d3 Bf5 6. Bg5 h6 7. Bxf6 Qxf6 8. Re1 Rd8 9. Nh4 Be6 10. Nd2 Bb4 11. c3 Bc5 12. e3 Ne7 13. c4 Bc8 14. Re2 c6 15. Qc2 Bb6 16. c5 Bc7 17. Rae1 0-0 18. d4 e4 19. f3 exf3 20. Nhxf3 Bg4 21. Rf2 Qg6 22. e4 Rfe8 23. Nh4 Qh7 24. Ref1 f6 25. h3 Bc8 26. Qd1 Bxg3 27. Rf3 Bxh4 28. e5 Nf5 29. Rf4 Bg5 30. R4f2 Ne3 31. Qe2 Nxf1 32. Rxf1 Bxd2 33. Qxd2 Qg6 34. Qc3 Be6 35. Kh2 Rf8 36. Rg1 Qe8 37. Qg3 Qe7 38. Bf1 fxe5 39. Bd3 e4 40. Be2 Qg5 41. Qc7 Qf4+ 42. Qxf4 Rxf4 43. Bf1 Rdf8 44. Bg2 Rf2 45. Kh1 Rxb2 46. a3 Rff2 0-1

[Event "Nicolo La Rosa op 17th"]
[Site "Mazara del Vallo"]
[Date "2009.08.07"]
[Round "2"]
[White "Colicchia, Michele"]
[Black "Marino, Davide"]
[Result "0-1"]
[WhiteElo "1427"]
[BlackElo "1550"]
[PlyCount "76"]
[EventDate "2009.08.07"]
[EventType "swiss"]
[EventRounds "6"]
[EventCountry "ITA"]
[SourceTitle "EXT 2011"]
[Source "ChessBase"]
[SourceDate "2010.11.26"]
[SourceVersion "1"]
[SourceVersionDate "2010.11.26"]
[SourceQuality "1"]

1. e4 e5 2. Nf3 Nc6 3. Bc4 Bc5 4. d3 Nf6 5. Bg5 d6 6. h3 h6 7. Bh4 0-0 8. Nc3 Re8 9. Nd5 g5 10. Nxf6+ Qxf6 11. Bg3 Bd7 12. Qd2 a6 13. c3 Rad8 14. b4 Ba7 15. Bd5 Rf8 16. 0-0 Bxh3 17. Bxc6 bxc6 18. Rfd1 Bg4 19. Qe2 d5 20. exd5 cxd5 21. Bxe5 Qe6 22. Re1 Rde8 23. Kf1 Qf5 24. Qd1 Bxf3 25. Qxf3 Rxe5 26. Rxe5 Qxe5 27. d4 Qe4 28. Qxe4 dxe4 29. Re1 f5 30. d5 Rd8 31. c4 Kf7 32. Ke2 Rb8 33. a3 Kf6 34. g3 Ke5 35. Rd1 Rd8 36. f3 exf3+ 37. Kxf3 Bb6 38. c5 Ba7 0-1

[Event "Nicolo La Rosa op 16th"]
[Site "Mazara del Vallo"]
[Date "2008.08.11"]
[Round "2"]
[White "Marino, Davide"]
[Black "Savalla, Pietro"]
[Result "0-1"]
[WhiteElo "1571"]
[BlackElo "1440"]
[PlyCount "92"]
[EventDate "2008.08.11"]
[EventType "swiss"]
[EventRounds "6"]
[EventCountry "ITA"]
[SourceTitle "EXT 2011"]
[Source "ChessBase"]
[SourceDate "2010.11.26"]
[SourceVersion "1"]
[SourceVersionDate "2010.11.26"]
[SourceQuality "1"]

1. e4 e5 2. Nf3 Nf6 3. Nxe5 Nc6 4. Nxc6 dxc6 5. Nc3 Bb4 6. d3 0-0 7. Bg5 Re8 8. a3 Bxc3+ 9. bxc3 Nxe4 10. dxe4 Qxg5 11. Qf3 Bg4 12. Qe3 Qxe3+ 13. fxe3 Rxe4 14. Kf2 Rd8 15. Bd3 Re7 16. h3 Bh5 17. g4 Bg6 18. Rad1 Rd6 19. Bxg6 fxg6 20. Rd4 Red7 21. Rhd1 Rxd4 22. cxd4 c5 23. Ke2 cxd4 24. Rxd4 Rxd4 25. exd4 Kf7 26. Ke3 Kf6 27. Kf4 h6 28. h4 b5 29. g5+ Ke6 30. Ke4 c6 31. c3 a5 32. Kf4 Kd5 33. gxh6 gxh6 34. Kg4 Kc4 35. Kf4 Kxc3 36. Ke5 g5 37. h5 g4 38. Kf4 Kxd4 39. Kxg4 b4 40. axb4 axb4 41. Kf5 b3 42. Kg6 b2 43. Kxh6 b1Q 44. Kg7 c5 45. h6 Kc4 46. h7 Qxh7+ 0-1